000 00709nam a2200265Ia 4500
003 OSt
005 20220918163259.0
006 a|||||r|||| 00| 0
007 ta
008 220917b |||||||| |||| 00| 0 eng d
020 _a0 521 20713 4
024 _a23,596
037 _cTextual
040 _aARTS
_cARTS
_beng
041 _2eng
_aeng
082 _aO111,3K60x, L5
100 _aDefoe Daniel
245 0 _aSelected writings
260 _aCambridge
_bCUP UK
_c1975
300 _axi,286p.
_ccm.
650 _aENGLISH LITERATURE
700 _a Boulton James T. Ed.
_95087
942 _hO111,3K60x, L5
_cTEXL
_2CC
999 _c118858
_d118858